00727cam a2200193 a 4500020003600000020003500036040000800071082002600079100002000105245006200125250001200187260005600199300003300255650002400288700002300312856006600335856006600401856006600467 a0761919333 (cloth : alk. paper) a0761919341 (pbk. : alk. paper) cDLC00a658 SAG 2001 A117 Or.1 aLevin, Henry M.10aCost-effectiveness analysis :bmethods and applications / a2nd ed. aThousand Oaks, Calif. :bSage Publications,cc2001. axx, 308 p. :bill. ;c24 cm. 0aCost effectiveness.1 aMcEwan, Patrick J.42uhttp://www.loc.gov/catdir/enhancements/fy0658/00009499-d.html41uhttp://www.loc.gov/catdir/enhancements/fy0658/00009499-t.html42uhttp://www.loc.gov/catdir/enhancements/fy0734/00009499-b.html